Szbornik cerkovnöch pisznopinij vo cerkvach parochialnöch szoversajemöch

Bibliographic Details
Main Author: Kizák, Ján, 1856-1929 (Author)
Corporate Author: Szent Miklós Püspöki könyvnyomda (Prešov, Slovensko) (Printer)
Format: Book
Language:Slavic languages
PhysicalDescription:508, [4] s. ilustr. 22x15 cm
Published: Eperjes Nyomtatta és kiadja a szent Miklós Püspöki könyvnyomda 1916
Subjects:

MARC

LEADER 00000cam a2200000 a 4500
001 vtls001181668
003 SK-MaSNL
005 20260301154302.0
008 240315s1916 xo a 00 sla
035 |a SNK000124677 
040 |a SNK  |b slo  |c SNK  |e AACR2 
041 |a sla 
044 |a xo  |c SK 
080 |a 094  |2 2001 
080 |a 2-282.7  |2 2001 
080 |a 271-528.8(=16)  |2 2001 
080 |a (082)  |2 2001 
100 1 |a Kizák, Ján,  |d 1856-1929  |4 aut  |9 257503 
245 1 0 |a Szbornik cerkovnöch pisznopinij vo cerkvach parochialnöch szoversajemöch  |c Szosztavil Joann Kizák, pocsetnöj kanonik, professzor v preparandii prjasevszkoj 
260 |a Eperjes  |b Nyomtatta és kiadja a szent Miklós Püspöki könyvnyomda  |c 1916 
300 |a 508, [4] s.  |b ilustr.  |c 22x15 cm 
500 |a Cirkevnoslovanský text v maďarskej pravopisnej úprave (prepisaný latinkou) 
561 |a Prov.: Peč. na prebale: Бібліотека М. Мушинки Пряшів. Knižnica M.Mušinky Prešov  |5 SVKPO: MMB 2437 
563 |a Väzba pôvodná, béžový papier  |5 SVKPO: HB 280 
563 |a Väzba pôvodná, nezviazaná, béžový papier  |5 SVKPO: MMB 2437 
610 2 7 |a Gréckokatolícka cirkev  |2 SNKPH  |9 32576 
650 0 7 |a staré tlače  |2 SNKPH  |9 51683 
650 0 7 |a liturgické knihy  |2 SNKPH  |9 1935 
650 0 7 |a gréckokatolícka liturgia  |2 SNKPH  |9 69403 
655 7 |a zborníky  |2 SNKPH  |9 70165 
710 2 |a Szent Miklós Püspöki könyvnyomda (Prešov, Slovensko)  |4 prt  |4 pbl  |9 516992 
852 |a SVKPO  |c Historické fondy  |p HB 280 
958 |a DG 
999 |c 796264  |d 798194 
952 |a SNK  |b SNK  |y PREZ  |7 0  |p 17A0931597  |o snkSC 25074  |0 0  |1 0  |4 0  |d 2012-08-28  |l 0  |r 2026-02-24 01:52:47  |w 2026-02-24 
952 |t P60, <04>, [BOOK], {604}  |a SNK  |b SNK  |y VYP  |7 0  |p 17A0268347  |o snkSC 25074 D1  |0 0  |1 0  |4 0  |d 2001-02-19  |l 0  |r 2005-01-01 00:00:00  |w 2026-02-24